MARC

LEADER 00000nam0a2200000 4500
001 112047
005 20231031121223.0
010 |a 9785903034543 
035 |a (RuTPU)RU\TPU\book\121078 
090 |a 112047 
100 |a 20070322d2009 m y0rusy50 ca 
101 0 |a rus 
102 |a RU 
105 |a a j 001zy 
200 1 |a Материаловедение  |e учебник  |f Ю. М. Лахтин, В. П. Леонтьева 
205 |a 4-е изд., перераб. 
210 |a Москва  |c Альянс  |d 2009 
215 |a 528 с.  |c ил. 
320 |a Библиогр.: с. 521. 
320 |a Предметный указатель: с. 521-523. 
451 1 |0 (RuTPU)RU\TPU\book\34166  |y 5-217-00858-X  |t Материаловедение  |o учебное пособие  |f Ю. М. Лахтин, В. П. Леонтьева  |e 3-е изд., перераб. и доп.  |c М.  |n Машиностроение  |d 1990  |p 528 с.  |a Лахтин, Юрий Михайлович 
610 1 |a материаловедение 
610 1 |a металловедение 
610 1 |a термическая обработка 
610 1 |a металлы 
610 1 |a строение 
610 1 |a структура 
610 1 |a металлические сплавы 
610 1 |a кристаллизация 
610 1 |a деформация 
610 1 |a разрушение 
610 1 |a нагрев 
610 1 |a механические свойства 
610 1 |a железо 
610 1 |a чугун 
610 1 |a фазовые превращения 
610 1 |a сталь 
610 1 |a термическая обработка 
610 1 |a химико-термическая обработка 
610 1 |a конструкционные стали 
610 1 |a инструментальные стали 
610 1 |a твердые сплавы 
610 1 |a тугоплавкие металлы 
610 1 |a титан 
610 1 |a алюминий 
610 1 |a магний 
610 1 |a медь 
610 1 |a антифрикционные сплавы 
610 1 |a композиционные материалы 
610 1 |a конструкционные материалы 
610 1 |a неметаллические материалы 
610 1 |a пластические массы 
610 1 |a резиновые материалы 
610 1 |a клеящие материалы 
610 1 |a герметики 
610 1 |a неорганические материалы 
610 1 |a учебники 
675 |a 620.22(075.8)  |v 3 
700 1 |a Лахтин  |b Ю. М.  |g Юрий Михайлович 
701 1 |a Леонтьева  |b В. П.  |g Валентина Петровна 
801 1 |a RU  |b 63413507  |c 20070322  |g PSBO 
801 2 |a RU  |b 63413507  |c 20210813  |g PSBO 
900 |a Технология материалов и покрытий 
900 |a Материаловедение 
900 |a Теория строения материалов 
900 |a Неметаллические материалы 
900 |a Термическая и химико-термическая обработка металлов 
900 |a Современные проблемы материаловедения 
900 |a Механические и физические свойства материалов 
942 |c BK 
959 |a 27/20080305  |d 503  |e 0  |f УФ:500